000 00666nam a2200193Ia 4500
003 GCL
008 140319s9999 xx 000 0 ara d
040 _aGCL /
_cGCL
082 0 4 _a658.303
_bح م \\=aحبيب الصحافv
245 1 0 _aمعحم ادارة الموارد البشرية وشؤون العاملين: عربى . انجليزى
300 _a150 ص
490 _aالهيئة العامة للاستعلامات
_v0
650 0 4 _aالعلاقات الانسانية
650 0 4 _aالموظفون
650 0 4 _aادارة الافراد
650 0 4 _aحوافز الانتاج
650 0 4 _aالعلاقات الصناعية
942 _2ddc
_cBK
999 _c51771
_d51771